000 00670nam a2200241Ia 4500
003 OSt
005 20220918220520.0
006 a|||||r|||| 00| 0
007 ta
008 220917b |||||||| |||| 00| 0 eng d
024 _a146,249
037 _cTextual
040 _aARTS
_cARTS
_beng
041 _2eng
_aeng
082 _aY9(L:5):1.211, L9
100 _aMatthews CME
_9137666
245 0 _aHealth and culture in South Indian village
260 _aNew Delhi
_bSterling Publishers Pvt Ltd
_c1979
300 _aix, 398p. figures
_ccm.
650 _aSOCIOLOGY
942 _hY9(L:5):1.211, L9
_cTEXL
_2CC
999 _c269005
_d269005